American think-tanks and their role in US foreign policy / (Record no. 184246)

000 -LEADER
fixed length control field 01004 a2200217 4500
003 - CONTROL NUMBER IDENTIFIER
control field Nust
005 - DATE AND TIME OF LATEST TRANSACTION
control field 20221222124206.0
010 ## - LIBRARY OF CONGRESS CONTROL NUMBER
LC control number 95019330
020 ## - INTERNATIONAL STANDARD BOOK NUMBER
International Standard Book Number 0312128290 (cloth)
020 ## - INTERNATIONAL STANDARD BOOK NUMBER
International Standard Book Number 0333649443 (cloth)
040 ## - CATALOGING SOURCE
Transcribing agency Nust
082 00 - DEWEY DECIMAL CLASSIFICATION NUMBER
Classification number 327.73,ABE
100 1# - MAIN ENTRY--PERSONAL NAME
Personal name Abelson, Donald E.
9 (RLIN) 105667
245 10 - TITLE STATEMENT
Title American think-tanks and their role in US foreign policy /
Statement of responsibility, etc. Donald E. Abelson.
260 ## - PUBLICATION, DISTRIBUTION, ETC.
Place of publication, distribution, etc. Houndmills, Basingstoke, Hampshire :
Name of publisher, distributor, etc. Macmillan Press ;
Place of publication, distribution, etc. New York :
Name of publisher, distributor, etc. St. Martin's Press,
Date of publication, distribution, etc. 1996.
300 ## - PHYSICAL DESCRIPTION
Extent xii, 208 p. ;
Dimensions 23 cm
505 ## - FORMATTED CONTENTS NOTE
Formatted contents note Introduction (Page-1), Think Tanks In American Politics (Page-23), Networks Of Influence (Page-65), A New Channel Of Influence (Page-81), Think Tanks And US Foreign Policy (Page-91), Think Tanks And Models Of Decision Making (Page-103), Conclusion (Page-119).
650 #0 - SUBJECT ADDED ENTRY--TOPICAL TERM
Topical term or geographic name entry element Research institutes
Geographic subdivision United States
General subdivision History
Chronological subdivision 20th century.
9 (RLIN) 105668
651 #0 - SUBJECT ADDED ENTRY--GEOGRAPHIC NAME
Geographic name United States
General subdivision Foreign relations
Chronological subdivision 20th century.
9 (RLIN) 105669
942 ## - ADDED ENTRY ELEMENTS (KOHA)
Source of classification or shelving scheme
Koha item type Book
Call number prefix 327.73,ABE
Holdings
Withdrawn status Lost status Source of classification or shelving scheme Damaged status Not for loan Permanent Location Current Location Shelving location Date acquired Full call number Barcode Date last seen Price effective from Koha item type Public note
          Military College of Signals (MCS) Military College of Signals (MCS) General Stacks 12/12/2016 327.73 ,ABE MCS966 12/08/2016 12/12/2016 Book Almirah No.50 ,Shelf No.2
© 2023 Central Library, National University of Sciences and Technology. All Rights Reserved.